| 000 | 01128cam a2200205 4500 | ||
|---|---|---|---|
| 001 | WB3824-20 | ||
| 008 | 020701n2002 000 0 eng u | ||
| 035 | _a(Sirsi) u118613 | ||
| 245 | _aIn the National interest? | ||
| 260 | _c2002 | ||
| 490 |
_aNational Trust Press Release _v25 June 2002, (2) |
||
| 520 | _aNew research by the National Trust argues that government plans to let parliament decide on major infrastructure projects will fail. "In the national interest?: government proposals for planning major infrastructure projects" tests the proposed reforms against four case studies and concludes that government's plans will waste time and exclude people. "In the national interest?" available at http://www.nationaltrust.org.uk/main/news/national_interest.pdf. http://www.nationaltrust.org.uk/webpack/bin/webpack.exe/livebase?object=LiveBase1&itemurn=1217&mode=wbFullItem | ||
| 590 | _aWB | ||
| 650 | _aNATIONAL TRUST | ||
| 650 | _aINFRASTRUCTURE PROJECTS | ||
| 650 | _aPLANNING SYSTEM | ||
| 650 | _aPLANNING DECISIONS | ||
| 690 | _aENVIRONMENTAL AND LAND CONSULTANCY-PLANNING AND DEVELOPMENT | ||
| 942 | _n0 | ||
| 999 |
_c70633 _d70633 |
||